The Law Reports(1981): Family Division. / (Record no. 3480)

MARC details
000 -LEADER
fixed length control field 00507nam a22001457a 4500
008 - FIXED-LENGTH DATA ELEMENTS--GENERAL INFORMATION
fixed length control field 140819b xxu||||| |||| 00| 0 eng d
020 ## - INTERNATIONAL STANDARD BOOK NUMBER
International Standard Book Number 040609621
050 ## - LIBRARY OF CONGRESS CALL NUMBER
Classification number KD279.4.L39(1981)
245 ## - TITLE STATEMENT
Title The Law Reports(1981): Family Division. /
Statement of responsibility, etc. edited by Carol Ellis and assisted by Alan Bray
260 ## - PUBLICATION, DISTRIBUTION, ETC.
Place of publication, distribution, etc. London:
Name of publisher, distributor, etc. The Incorporated council of law reporting for England and Wales,
Date of publication, distribution, etc. 1981.
300 ## - PHYSICAL DESCRIPTION
Extent vii, 175p.
Dimensions 24cm.
440 ## - SERIES STATEMENT/ADDED ENTRY--TITLE
Name of part/section of a work Family Division 1981
800 ## - SERIES ADDED ENTRY--PERSONAL NAME
Personal name Ellis, Carol
-- Bray, Alan
942 ## - ADDED ENTRY ELEMENTS (KOHA)
Source of classification or shelving scheme Library of Congress Classification
Koha item type Books
Holdings
Withdrawn status Lost status Source of classification or shelving scheme Damaged status Not for loan Home library Current library Shelving location Date acquired Total Checkouts Full call number Barcode Date last seen Price effective from Koha item type
    Library of Congress Classification     WISCONSIN INTERNATIONAL UNIVERSITY COLLEGE, GHANA - MAIN LIBRARY WISCONSIN INTERNATIONAL UNIVERSITY COLLEGE, GHANA - MAIN LIBRARY Law Library 19/08/2014   KD279.4.L39(1981) 1358/347/14 19/08/2014 19/08/2014 Books

If you have any concerns or questions; kindly contact the library


© Powered by WIUC ICT DIRECTORATE